Определение политики контроля доступа для инфраструктур с массовой интеграцией баз данных (Запись № 4499922)

Подробности
000 -МАРКЕР
контрольное поле 01710nam0a2200361 i 4500
001 - ИДЕНТИФИКАТОР ЗАПИСИ
контрольное поле RU\NLR\bibl\2032179
005 - ИДЕНТИФИКАТОР ВЕРСИИ
контрольное поле 20260405080942.0
021 ## - НОМЕР ГОСУДАРСТВЕННОЙ РЕГИСТРАЦИИ
Код страны Российская Федерация
Номер 2013-28465
Номер Листа государственной регистраци 1957
035 ## - ДРУГИЕ СИСТЕМНЫЕ НОМЕРА
Идентификатор записи (NLR Aleph) 002019988
100 ## - ДАННЫЕ ОБЩЕЙ ОБРАБОТКИ
Данные общей обработки 20130513d2013 k y0rusy50 ca
101 0# - ЯЗЫК РЕСУРСА
Язык текста, звукозаписи и т.д. русский
Язык резюме английский
102 ## - СТРАНА ПУБЛИКАЦИИ ИЛИ ПРОИЗВОДСТВА
Страна публикации Российская Федерация
105 ## - ПОЛЕ КОДИРОВАННЫХ ДАННЫХ: ТЕКСТОВЫЕ МАТЕРИАЛЫ, МОНОГРАФИЧЕСКИЕ
Кодированные данные о монографическом текстовом документе a |||||||||
200 1# - ЗАГЛАВИЕ И СВЕДЕНИЯ ОБ ОТВЕТСТВЕННОСТИ
Основное заглавие Определение политики контроля доступа для инфраструктур с массовой интеграцией баз данных
Первые сведения об ответственности В.Н. Коваленко, А.Ю. Куликов
210 ## - ПУБЛИКАЦИЯ, РАСПРОСТРАНЕНИЕ И ДР.
Место издания, распространения и т.д. Москва
Имя издателя, распространителя и т. д. ИПМ РАН
Дата издания, распространения и т.д. 2013
215 ## - ФИЗИЧЕСКАЯ ХАРАКТЕРИСТИКА
Специфическое обозначение материала и объем 20 с.
Другие сведения о физической характеристике ил.
Размеры 21
225 1# - СЕРИЯ
Основное заглавие серии Препринты ИПМ им. М.В. Келдыша
Параллельное заглавие серии Keldysh institute preprints
Язык параллельного заглавия английский
225 1# - СЕРИЯ
Основное заглавие серии Препринт
Сведения об ответственности Ин-т прикл. математики им. М.В. Келдыша Рос. акад. наук
ISSN серии 2071-2898
Обозначение тома N° 21 за 2013 г.
300 ## - ОБЩИЕ ПРИМЕЧАНИЯ
Текст примечания Рез. на англ. яз.
320 ## - ПРИМЕЧАНИЯ О НАЛИЧИИ В ДОКУМЕНТЕ БИБЛИОГРАФИИ / УКАЗАТЕЛЯ
Текст примечания Библиогр.: с. 17-19 (22 назв.)
606 ## - НАИМЕНОВАНИЕ ТЕМЫ КАК ПРЕДМЕТ
Наименование темы Распределенные вычислительные сети
Тематический подзаголовок Доступ
Системный номер авторитетной/нормативной записи 2253544
Идентификатор авторитетной/нормативной записи RU\NLR\AUTH\6601581999
606 ## - НАИМЕНОВАНИЕ ТЕМЫ КАК ПРЕДМЕТ
Наименование темы Базы данных
Тематический подзаголовок Доступ
Системный номер авторитетной/нормативной записи 2114782
Идентификатор авторитетной/нормативной записи RU\NLR\AUTH\661277688
686 1# - ИНДЕКСЫ ДРУГИХ КЛАССИФИКАЦИЙ
Индекс З973.233-018.2
686 1# - ИНДЕКСЫ ДРУГИХ КЛАССИФИКАЦИЙ
Индекс З988.02-018
700 #1 - ИМЯ ЛИЦА - ПЕРВИЧНАЯ ОТВЕТСТВЕННОСТЬ
Код отношения Автор
Материалы, к которым относится поле rus
Графика поля Кириллица
Начальный элемент ввода Коваленко
Часть имени, кроме начального элемента ввода В.Н.
Дополнения к именам, кроме дат канд. физ.-мат. наук
Даты 1950-
Расширение инициалов личного имени Виктор Николаевич
Идентификатор авторитетной/нормативной записи RU\NLR\auth\7728002
Системный номер авторитетной/нормативной записи 11033
701 #1 - ИМЯ ЛИЦА - АЛЬТЕРНАТИВНАЯ ОТВЕТСТВЕННОСТЬ
Начальный элемент ввода Куликов
Часть имени, кроме начального элемента ввода А. Ю.
Расширение инициалов личного имени Александр Юрьевич
Код отношения Автор
801 #0 - ИСТОЧНИК ЗАПИСИ
Страна Российская Федерация
Организация NLR
Дата составления 20130513
Правила каталогизации RCR
801 #1 - ИСТОЧНИК ЗАПИСИ
Страна Российская Федерация
Организация NLR
Дата составления 20130513
942 ## - ДОПОЛНИТЕЛЬНЫЕ ЭЛЕМЕНТЫ ЗАПИСИ (АБИС)
Тип экземпляра АБИС Книга
980 ## - КОЛЛЕКЦИЯ
Название коллекции НБР

Нет доступных экземпляров.